Handbook of social skills training and research / (Record no. 132479)

MARC details
000 -LEADER
fixed length control field 00740nam a22002417a 4500
005 - DATE AND TIME OF LATEST TRANSACTION
control field 20170124110155.0
010 ## - LIBRARY OF CONGRESS CONTROL NUMBER
LC control number A-251649
020 ## - INTERNATIONAL STANDARD BOOK NUMBER
Terms of availability 00.00
International Standard Book Number 0471898325
035 ## - SYSTEM CONTROL NUMBER
System control number A-251649
037 ## - SOURCE OF ACQUISITION
Source of stock number/acquisition Cen Lib/Ret
040 ## - CATALOGING SOURCE
Original cataloging agency DPL
Language of cataloging EN
082 ## - DEWEY DECIMAL CLASSIFICATION NUMBER
Classification number 616.89
Item number HAN
245 ## - TITLE STATEMENT
Title Handbook of social skills training and research /
Statement of responsibility, etc edited by Luciano L'Abate [and] Michael A Milan
260 ## - PUBLICATION, DISTRIBUTION, ETC. (IMPRINT)
Place of publication, distribution, etc New York
Name of publisher, distributor, etc John Wiley and Sons
Date of publication, distribution, etc 1985
270 ## - ADDRESS
Address
300 ## - PHYSICAL DESCRIPTION
Extent xvii,648p.
Dimensions 24cm(Hb)
500 ## - GENERAL NOTE
General note Includes index
650 ## - SUBJECT ADDED ENTRY--TOPICAL TERM
Topical term or geographic name as entry element Psychotherapy
9 (RLIN) 34846
650 ## - SUBJECT ADDED ENTRY--TOPICAL TERM
Topical term or geographic name as entry element Social skills--Study and teaching
9 (RLIN) 34847
700 ## - ADDED ENTRY--PERSONAL NAME
Personal name L'Abate, Luciano
9 (RLIN) 34848
700 ## - ADDED ENTRY--PERSONAL NAME
Personal name Milan, Michael A
9 (RLIN) 34849
942 ## - ADDED ENTRY ELEMENTS (KOHA)
Source of classification or shelving scheme Dewey Decimal Classification
Koha item type English Books
Classification part 616.89
Call number suffix LAB
Holdings
Withdrawn status Lost status Damaged status Not for loan Home library Current library Date acquired Source of acquisition Cost, normal purchase price Total Checkouts Total Renewals Full call number Barcode Date last seen Date checked out Copy number Cost, replacement price Price effective from Koha item type
        Central Library Central Library 22/07/2015 Cen Lib/Ret 0.00 1 2 616.89 HAN A-251649 08/01/2024 25/11/2023 1 0.00 22/07/2015 English Books
        Central Library Central Library 27/07/2015 Cen Lib/Ret 0.00     616.89 HAN A-251648 27/07/2015   1 0.00 27/07/2015 English Books

© Delhi Public Library
Hit Counter
free hit counter